[Event "Linares zt"]
[Site "Linares"]
[Date "1995.??.??"]
[Round "1"]
[White "Santo Roman, Marc"]
[Black "Piket, Jeroen"]
[Result "0-1"]
[WhiteElo "2485"]
[BlackElo "2625"]
[Annotator "Ribli,Z"]
[PlyCount "96"]
[EventDate "1995.11.??"]
[EventType "swiss"]
[EventRounds "11"]
[EventCountry "ESP"]
[SourceTitle "CBM 051"]
[Source "ChessBase"]
[SourceDate "1996.04.01"]
[SourceVersion "1"]
[SourceVersionDate "1996.04.01"]
[SourceQuality "1"]

1. e4 {Baburin} c5 2. Nf3 e6 3. d4 cxd4 4. Nxd4 a6 5. Bd3 Bc5 6. Nb3 (6. c3 d6
7. Qe2 $1 Ne7 8. Bg5 $14 {Timman,J-Piket,J/Amsterdam m/1995/CBM50/INF64,180/})
6... Ba7 7. Qe2 Nc6 8. Be3 d6 9. c4 (9. Nc3 Nge7 10. O-O e5 11. Bxa7 Rxa7 12.
f4 exf4 13. Rxf4 Ng6 14. Rff1 O-O 15. Nd5 Be6 $13 {Kaminski,M-Milov,V/Moscow
olm/1994/EXP44/INF62,(180)/}) 9... e5 $5 $146 {Baburin: I like this game for
its clear strategic idea - Black successfully promoted a "dark square
strategy" and eventually got a superior Knight on d4 against the poor white
Bishop. [#] Dieser neue Zug sieht sehr logisch aus: Der Nachziehende stellt
seinen Anspruch auf den d4-Punkt, dafuer uebergibt er den d5-Punk seinem
Gegner.} (9... Nge7 10. Nc3 O-O 11. O-O Ne5 12. Rfe1 Qc7 13. Rac1 Bd7 14. Bxa7
Rxa7 15. Qe3 b6 16. Be2 Qb8 17. Qd2 Nc8 18. Nd4 $14 {Spraggett,K-Vehi Bach,V/
Manresa/1995/CBM49/}) 10. Bxa7 Rxa7 11. Nc3 Nge7 12. O-O O-O 13. Rfd1 Be6 14.
Rac1 Qb8 15. Nd5 b6 16. Qe3 a5 $1 {Mit diesem starken Zug deckt Schwarz
indirekt den b6-Bauern.} 17. h3 (17. Nxb6 a4 18. Nd2 Nd4 19. c5 Bxa2 $10) (17.
Qxb6 a4 18. Nd2 Rb7 (18... Qxb6 19. Nxb6 Rb8 $13) 19. Qe3 Rxb2 $13) 17... Ng6
18. Be2 {>< d6} (18. Nxb6 a4 19. Nd2 Nd4 20. c5 Bxa2 $10) (18. Qxb6 Qxb6 19.
Nxb6 a4 20. Nd2 Rb8 $13 {>< b2}) 18... a4 19. Nd2 h6 20. Nf3 {Weiss
kontrolliert den d4-Punkt und eindlich droht /\ Nxb6 or Qxb6.} Bxd5 21. Rxd5 $6
{Der Anziehende will seinen Druck auf die d6- und b6-Bauern vorbehalten. Der
Nachteil dieses Zuges ist, das die schwarzen Springer bald alle wichtige
Punkte kontrollieren werden.} (21. cxd5 $5 Nce7 22. Rc3 Ra5 23. Rdc1 Rc5 $13)
21... Nf4 22. Rb5 (22. Rd2 Ne6 {Ungefaehr wie die Partie.}) 22... Qc7 $1 23.
Bf1 Rb8 24. Qa3 {Weiss will jetzt remisieren /\ 25.Rd1 Rd8 26.Qe3 Rd8 27.Qa3.}
Ne6 $1 {Droht /\ einfach Nc5 und den b5-Turm von Spiel aussperren.} 25. Rd5 Nc5
{Schwarz steht wegen seiner zwei Riesenspringer etwas bequemer.} 26. Re1 Rd8
27. g3 Raa8 28. h4 Qa7 $1 {Der Nachziehende kann jetzt in aller Ruhe seine
Stellung verstaerken, ohne dass Weiss ueber ein Gegenspiel verfuegt.} 29. Bh3
Qa5 30. Re3 Nb4 31. Rd2 $8 Nb7 $1 32. Bf1 Qc5 $1 {Die schwarze Dame erreicht
seine optimale Position: Sie kontrolliert die schwarzen Feldern und druckt den
c4-Bauern.} 33. Rc3 Na5 34. Ne1 $2 (34. Qxa4 $5 {Nach meiner Meinung, gab
dieser Zug nur noch einige Rettungchancen fuer den Anziehenden.} Nac6 (34...
Nxc4 $2 35. Qxa8 $1 Rxa8 36. Bxc4 Qc7 (36... Qa5 37. Ra3 $18) 37. a3 $1 $18)
35. Qd1 (35. Qb5 Rxa2 $15) 35... Rxa2 $15) 34... Nac6 35. Nc2 Nxc2 36. Rdxc2
Nd4 37. Rd2 {Baburin: The strategical aim has been achieved! Weiss geraet nun
in eine sehr passive Stellung, doch seine Lage war ohnehin nicht rosig.} g5 $1
{[#] Schwarz kontrolliert das Zentrum und seine Figuren sind gut postiert
-besonders Nd4,Qc5-. Ein Spiel am Koenigsfluegel ist die logische Konsequenz.}
38. hxg5 hxg5 39. Bh3 Kg7 40. Bg4 (40. Qxc5 bxc5 $1 $19 {>< b2}) 40... Qc6 41.
f3 Rh8 42. Rh2 b5 43. Qb4 (43. cxb5 Qb6 $19 {/^ b6-g1}) 43... a3 44. b3 (44.
bxa3 Ra4 $19) 44... Rxh2 45. Kxh2 d5 $1 {[#] Die letzte Feinheit.} 46. Qe7 (46.
exd5 Rh8+ 47. Kg2 Qh6 $19) 46... Qh6+ 47. Kg2 Nc6 48. Qd7 Rd8 $1 (48... Rd8 49.
Qf5 dxc4 50. bxc4 Rd2+ $19 {Ribli}) 0-1

[Event "Olympiad-31"]
[Site "Moscow"]
[Date "1994.12.12"]
[Round "11.2"]
[White "Almasi, Zoltan"]
[Black "Kurajica, Bojan"]
[Result "0-1"]
[WhiteElo "2620"]
[BlackElo "2565"]
[Annotator "Ribli,Z"]
[PlyCount "102"]
[EventDate "1994.12.01"]
[EventType "team-swiss"]
[EventRounds "14"]
[EventCountry "RUS"]
[SourceTitle "CBM 045"]
[Source "ChessBase"]
[SourceDate "1995.04.01"]
[SourceVersion "1"]
[SourceVersionDate "1995.04.01"]
[SourceQuality "1"]
[WhiteTeam "Hungary"]
[BlackTeam "Bosnia&Herzegovina"]
[WhiteTeamCountry "HUN"]
[BlackTeamCountry "BIH"]

1. e4 c5 2. Nf3 e6 3. d4 cxd4 4. Nxd4 a6 5. Bd3 Bc5 6. Nb3 Be7 (6... Ba7 7. O-O
Nc6 8. Qg4 $5 $14 {Oll,L-Stangl,M/Tilburg/1994/CBM44/INF61,193/}) 7. Nc3 (7.
O-O Nc6 8. f4 d6 9. Qe2 Nf6 10. N1d2 Nb4 11. Nf3 Nxd3 12. cxd3 O-O 13. Bd2 a5
$10 {Arakhamia,K-Portisch,L/Monaco/1994/CBM42/}) (7. Qg4 Bf6 8. f4 d6 9. O-O
Nc6 10. Nc3 h5 11. Qg3 h4 12. Qf2 h3 $13 {Matulovic,M-Miladinovic,I/JUG-ch/
1994/CBM43/}) 7... Nc6 (7... d6 $5 8. O-O (8. f4 b5) 8... Nf6 9. f4 Nbd7 10.
Qf3 Qc7 11. Bd2 b5 12. Rae1 Bb7 13. a3 $13 {Landenbergue,C-Bischoff,K/
Garmisch-Partenkirchen/1994/EXP43/}) 8. f4 d6 9. Be3 Nf6 10. Qf3 $5 Nb4 11.
O-O-O Qc7 12. Kb1 b5 13. g4 Nd7 14. g5 Bb7 15. Rhf1 (15. h4 d5 16. exd5 Nxd3
17. cxd3 b4 $13) 15... Rc8 16. Qf2 (16. f5 $5) 16... Nxd3 17. cxd3 b4 18. Na4
Qc6 19. Nb6 Nxb6 20. Bxb6 O-O 21. Na5 Qd7 22. Qd4 (22. h4 $5 {/\ f5}) 22... Ba8
23. f5 (23. Qxb4 Rb8 $44) 23... exf5 24. exf5 Bxg5 25. f6 (25. Rg1 f6 $15)
25... Qe6 $1 (25... Bxf6 26. Rxf6 gxf6 27. Rg1+ $18) 26. fxg7 Rfe8 27. Qxb4 Qe2
28. Nc4 (28. Qb3 Re6 $13) 28... Bf3 29. Qb3 (29. Qxd6 Rxc4 (29... Qxd1+ 30.
Rxd1 Bxd1 $13) 30. dxc4 Qe4+ 31. Ka1 Bxd1 32. Rxd1 Qxc4 $13) 29... Bd5 30. Bd4
Qg4 31. Bc3 Rb8 32. Qa4 Bf3 33. Rxf3 (33. Rde1 Be2 34. Ka1 $1 d5 35. Rg1 Qh4
36. Nb6 Qxa4 37. Nxa4 Bh4 38. Rc1 Bxd3 $13) 33... Qxf3 34. Nxd6 Bf6 35. Bxf6 (
35. Nxe8 Bxc3 $19) 35... Qxf6 36. Qa3 Re2 37. Nc4 Rxh2 38. d4 Qf5+ 39. Qd3 (39.
Ka1 Qc2 $19) 39... Qxd3+ 40. Rxd3 h5 41. d5 Rc8 $1 42. Rc3 (42. b3 Re8 43. Nd2
Ree2 44. Kc2 Kxg7 45. d6 Rxd2+ 46. Rxd2 Rxd2+ 47. Kxd2 Kf6 $19) 42... Rh4 43.
Nb6 (43. b3 Rd4 44. d6 Rxd6 $19) 43... Rxc3 44. bxc3 Kxg7 45. c4 Kf6 46. c5 Ke5
47. Kc2 (47. d6 Rb4+ 48. Kc2 Rxb6 49. cxb6 Kxd6 $19) 47... Rb4 48. Kc3 Rb1 49.
Kc4 Rc1+ 50. Kb4 h4 51. d6 Ke6 {Ribli} 0-1

[Event "Montecatini Terme"]
[Site "Montecatini Terme"]
[Date "2000.07.31"]
[Round "4"]
[White "Shirov, Alexei"]
[Black "Rublevsky, Sergei"]
[Result "1-0"]
[WhiteElo "2746"]
[BlackElo "2670"]
[Annotator "Ribli,Z"]
[PlyCount "63"]
[EventDate "2000.07.28"]
[EventType "tourn"]
[EventRounds "7"]
[EventCountry "ITA"]
[EventCategory "17"]
[SourceTitle "CBM 079"]
[Source "ChessBase"]
[SourceDate "2000.11.21"]
[SourceVersion "1"]
[SourceVersionDate "2000.11.21"]
[SourceQuality "1"]

1. e4 c5 2. Nf3 e6 3. d4 cxd4 4. Nxd4 a6 5. Bd3 Nf6 6. O-O d6 {Diese
Spielweise wirkt auf den ersten Blick genügsam, doch das ist Rublevskys
Lieblingsvariante mit Schwarz. Seine Strategie ist einfach - er bereitet das
Manöver Bd7-Nc6 vor.} 7. c4 Bd7 8. Nc3 Nc6 9. Be3 (9. Nxc6 Bxc6 10. Qe2 Be7 11.
b3 O-O 12. Bb2 Qa5 13. f4 Qh5 14. Qxh5 Nxh5 15. Rad1 Rfd8 16. Be2 Nf6 17. Bf3
Nd7 18. Ba3 Nc5 19. Kf2 b6 20. Rd2 {1/2-1/2 Almasi,Z-Rublevsky,S/Jugoslavija
1997/Inf 70 (20)}) 9... Be7 (9... Nxd4 10. Bxd4 Be7 11. f4 Bc6 12. Qe2 O-O 13.
Rad1 $14 Nd7 14. Nd5 $6 (14. Kh1 $14) (14. Bc2 $14 {[%cal Gd1d3,Gd3h3]}) 14...
exd5 $1 15. exd5 Bf6 {0-1 Svetushkin,D-Ionescu,C/Bucharest 2000/CBM 77/[Ribli]
(33)}) 10. f4 (10. h3 O-O 11. Qd2 Qb8 12. Nxc6 Bxc6 13. a4 Rd8 14. Bb6 Rc8 15.
a5 Nd7 16. Bd4 {1/2-1/2 Short,N-Rublevsky,S/Elista 1998/CBM 66 ext (63)}) 10...
O-O (10... Nxd4 11. Bxd4 Bc6 12. Qe2 O-O 13. Rac1 Re8 14. Kh1 Bf8 15. Bg1 Nd7
16. b3 g6 17. Bb1 Qh4 18. Rcd1 Rab8 19. a4 Bg7 20. Qe3 Qe7 {1/2-1/2 Ochoa de
Echaguen,F-Paramos Dominguez,R/Oropesa del Mar 1996/EXT 98 (20)}) 11. Kh1 {
Ein nützlicher prophylaktischer Zug in solchen Stellungen.} (11. Qf3 Qc7 12.
Rac1 g6 13. Nxc6 bxc6 14. f5 e5 15. c5 gxf5 16. exf5 d5 17. Qg3+ Kh8 18. Bd4 {
1-0 Sirigos,N-Koyias,K/Komotini 1992/EXT 2000 (26)}) (11. Qe2 Nxd4 12. Bxd4 Bc6
13. Rad1 Nd7 14. e5 dxe5 15. fxe5 g6 16. Be4 Qc7 17. Bxc6 Qxc6 18. Ne4 Qc7 19.
Qe3 Nxe5 20. Bxe5 Qxe5 21. Rd7 Bc5 22. Qxc5 Qxe4 23. Qe7 Qxc4 24. Rxf7 Qc1+ 25.
Kf2 Qxb2+ 26. Kg3 Qe5+ 27. Kh3 Qh5+ {1/2-1/2 McDonald,N-Thesing,M/Zug 1989/CBM
16 (27)}) 11... Nxd4 (11... Re8 12. Qe1 Ng4 13. Bg1 Nb4 14. Be2 e5 15. Nf5 Bxf5
16. exf5 Nf6 17. Qg3 {1/2-1/2 Tomba,I-Rouchouse,S/Laveno 1999/EXT 2000 (17)})
12. Bxd4 Bc6 13. Qe2 Nd7 {Weiß hat Raumvorteil und Angriffschancen am
Königsflügel, aber die schwarze Stellung ist solide und ohne Schwächen. Der
Nd7 steht elastisch, und Schwarz bereitet den Zug e6-e5 vor.} 14. Rad1 e5 15.
Be3 exf4 16. Bxf4 Ne5 {[%csl Ge5]} (16... Qa5 17. Nd5 Bxd5 18. exd5 Rae8 19.
Qc2 h6 20. Bf5 Nf6 21. a3 Nh5 22. b4 Qd8 23. Bc1 Bg5 24. Bb2 Bf6 25. Bc1 Bg5
26. Bb2 Bf6 27. Bc1 Bg5 {1/2-1/2 Hernandez,G-Christiansen,L/Philadelphia 1998/
EXT 99 (27)}) 17. Bc2 (17. Nd5 $5 Bxd5 18. Bxe5 Be6 (18... dxe5 19. exd5 $14)
19. Bc3 $14) 17... Qc7 {[#]} 18. c5 $5 {[%mdl 512] Weiß opfert einen Bauern
für Initiative - diese Spielweise ist typisch für Shirov.} (18. Bxe5 dxe5 19.
Nd5 Bxd5 20. exd5 g6 $13 21. Rfe1) 18... dxc5 (18... f6 $5 19. cxd6 Bxd6 20.
Bb3+ Kh8 21. Nd5 Bxd5 22. Bxd5 {[%csl Gd5]} Rad8) 19. Nd5 $44 {[%csl Gd5][%cal
Gf4c7] Weiß hat einen starken Springerposten auf d5 für den Bauern. Der Ne5
ist durch den Bf4 gefesselt.} Qd6 (19... Bxd5 $2 20. exd5 {[%cal Gc2h7]} Bd6 (
20... f6) 21. Bxe5 Bxe5 22. d6 Bxd6 23. Qd3 g6 24. Qxd6 $16) 20. Bg3 (20. Qh5
f6 21. Nb6 $2 {[%cal Rb6a8,Rd1d6]} Be8 {[%cal Re8h5,Rd6b6]} 22. Bb3+ Kh8 23.
Qxh7+ Kxh7 24. Rxd6 Bxd6 25. Nxa8 Bc6 $17) 20... Bb5 21. Qh5 f6 (21... Bxf1 22.
Bxe5 Qe6 (22... Bxg2+ 23. Kxg2 Qe6 24. Nxe7+ Qxe7 25. Bd6 $16) 23. Nxe7+ Qxe7
24. Bd6 $16) 22. Rf4 (22. Nxf6+ Rxf6 23. Bxe5 Rxf1+ 24. Rxf1 Qe6 $11) 22... g6
(22... Be8 23. Qe2 Bb5 24. Qe1 Kh8 25. Rf5 $44) 23. Qh6 {[%mdl 128]} Rad8 {
Schwarz opfert die Dame, doch der weiße Angriff bleibt stark.} (23... Nf7 24.
Qh3 Ng5 25. Qg4 h5 26. Qh4 Qe6 27. e5 $1 (27. Nc7 Qxa2 28. Nxa8 Qxb2 $13) 27...
fxe5 (27... f5 28. Nxe7+ Qxe7 29. Rd6 {[%csl Gd6]} Kg7 30. Bxf5 gxf5 31. Rf6
Ne6 32. Qxh5 $18) 28. Nxe7+ Qxe7 29. Re1 Kg7 30. Rfe4 $40) 24. Nxf6+ Rxf6 25.
Rxd6 Rfxd6 26. Rf1 $16 Bf8 $6 (26... Nf7 27. Qc1 Bg5 28. Qe1 Bxf1 29. Bxd6
Bxg2+ 30. Kxg2 Rxd6 31. Qc3 b6 32. Bb3 $16 {[%csl Rg8][%cal Gb3g8]}) (26...
Bxf1 27. Bxe5 Bf8 28. Qc1 $16 {[%cal Rc2b3,Rb3g8]}) 27. Qc1 Bxf1 28. Bxe5 Re6
$2 (28... Bc4 $142 29. Bxd6 Bxd6 30. b3 $16) 29. Qxf1 Rxe5 30. Bb3+ $18 {
Die Stellung ist nur materiell ausgeglichen, aufgrund der schlechten schwarzen
Königsstellung gewinnt Weiß leicht.} c4 (30... Kg7 31. Qf7+ Kh6 32. Qf4+ Rg5
33. Qh4+ $18 {[%csl Rh6]}) 31. Qxc4+ Kg7 32. Qc7+ 1-0

[Event "Budapest m"]
[Site "Budapest"]
[Date "2000.01.04"]
[Round "2"]
[White "Leko, Peter"]
[Black "Khalifman, Alexander"]
[Result "1-0"]
[WhiteElo "2701"]
[BlackElo "2628"]
[Annotator "Ribli,Z"]
[PlyCount "103"]
[EventDate "2000.01.03"]
[EventType "match"]
[EventRounds "6"]
[EventCountry "HUN"]
[SourceTitle "CBM 075"]
[Source "ChessBase"]
[SourceDate "2000.04.05"]
[SourceVersion "1"]
[SourceVersionDate "2000.04.05"]
[SourceQuality "1"]

{[%mdl 1]} 1. e4 c5 2. Nf3 e6 3. d4 cxd4 4. Nxd4 a6 {Der FIDE-Weltmeister
spielt gern die Sizilianische Verteidigung, aber selten die Paulsen-Variante.}
5. Bd3 Nc6 {Mit dieser Fortsetzung möchte Schwarz das Spiel vereinfachen.} 6.
Nxc6 dxc6 {Die andere Moeglichkeit - 6...dxc6 - wird heutzutage weniger
gespielt. In der gut bekannten 7.Wettkampfpartie Fischer,R - Petrosian, T
Buenos Aires 1971 kam Weiß nach 7.0-0 d5 8.c4 zu Eröffnungsvorteil.} 7. Nd2 {
Der Springer zielt nach c4 und möchte die Felder b6 und e5 kontrollieren. Die
anderen Zuege - 7.0-0 , 7.Be3 und 7.f4 sind auch möglich.} e5 8. Nc4 {Die
Bauernverteilung ist symmetrisch - was keinewswegs typisch ist für die
Sizilianische Verteidigung. Weiß hat etwas Initiative, er kann entweder mit
f2-f4 die Stellung öffnen oder gegen den geschwächten Punkt b6 spielen.} (8.
Qh5) 8... Nf6 (8... Be6 9. O-O Bxc4 10. Bxc4 Qxd1 11. Rxd1 Bc5 12. Kf1 Nf6 13.
f3 b5 14. Bb3 h6 15. Bd2 Bd4 16. c3 Bc5 17. Be1 Ke7 18. Bg3 Bd6 19. Rd2 Rhd8 {
1/2-1/2 Rytshagov,M-Miezis,N/Troll Masters, Gausdal NOR 2000 (48)}) 9. O-O {
Natürlich geht 9.Nxe5?? nicht wegen 9...Qa5+, aber nach dem Textzug muss
Schwarz jetzt den Bauern verteidigen.} (9. Bd2 Bd6 10. a4 Be6 11. Qe2 O-O 12.
a5 Qe7 13. O-O Bxc4 14. Bxc4 Rfd8 15. Rfd1 Rd7 16. c3 Rad8 17. b4 Bb8 18. Bg5
h6 19. Bxf6 Qxf6 20. Bb3 Ba7 21. g3 g6 22. Kg2 Qe7 23. h4 h5 24. Rxd7 Rxd7 25.
Rd1 {1/2-1/2 Kaiumov,D-Miezis,N/Hastings 1999/EXT 2000 (25)}) 9... Qc7 (9...
Bg4 10. Qe1 Nd7 11. f4 Bc5+ 12. Kh1 exf4 13. Bxf4 O-O 14. e5 Bh5 15. e6 Nf6 16.
Bg5 Be7 17. Qh4 b5 18. Ne5 Qd5 19. Bxf6 Bxf6 20. Qxh5 g6 21. Nd7 {1-0 Adorjan,
A-Miles,A/Amsterdam 1978/MCL (21)}) 10. Bd2 {[%cal Gd2a5,Ga5d8]} (10. Be3 Be6
11. Bb6 Qb8 12. a4 Nd7 13. Be3 b5 14. axb5 cxb5 15. Na5 Bc5 16. Qe2 O-O 17. c4
b4 18. Nb3 Bxe3 19. Qxe3 Rc8 20. Rfc1 Qc7 {1/2-1/2 Cioara,A-Miezis,N/
Castellaneta 1999/EXT 2000 (42)}) (10. f4) (10. a4) 10... Bg4 11. Qe1 {[%cal
Ge1a5,Ge1g3] Die Dame steht scheinbar passiv auf e1, aber im Folgenden kann
sie nach f2-f4 auf das Feld g3 ziehen, oder aber den Ausfall des Läufers nach
a5 unterstützen.} (11. Qc1 $6 Nd7 12. Bc3 Be6 13. Qg5 f6 14. Qg3 Nc5 15. Ba5
Qf7 $11) 11... b5 $146 {Nach 30-minütigem Nachdenken spielt Khalifman eine
theoretische Neuerung. Der Textzug vertreibt den Nc4, schwächt aber den
schwarzen Damenflügel.} (11... Bc5 12. Kh1 b5 13. Ne3 Be6 14. f4 exf4 15. Nf5
Bxf5 16. exf5+ Qe7 17. Bxf4 O-O 18. Qh4 $14) 12. Ne3 (12. Ba5) 12... Bc5 (12...
Be6 13. a4 $14) 13. Nxg4 (13. Kh1 O-O (13... Be6 14. f4 $14) 14. Nxg4 Nxg4 15.
h3 Nf6 16. f4 exf4 17. Bxf4 $14) 13... Nxg4 14. Qe2 Nf6 15. b4 $14 {Weiß
bekommt aktives Spiel am Damenflügel und bereitet im Folgendem die Züge a2-a4
und c2-c4 vor.} Bb6 16. c4 $1 {Weiß fürchtet die Schwächung des Feldes d4
nicht. In der Tat bekommt der schwarze Läufer ein starkes Feld auf d4, aber
das ist alles. Es gibt keinen aktiven Spielplan für Schwarz, wärend Weiß sein
Spiel am Damenflügel mit a2-a4 fortsetzen kann.} (16. a4) 16... Bd4 17. Rac1
Qd6 18. Bc2 $1 {[%mdl 32] Weiß verbessert die Stellung seines weißfeldrigen
Läufers und unterbindet das schwarze Gegenspiel auf der d-Linie.} (18. cxb5
cxb5 19. a4 bxa4 20. Bxa6 O-O 21. b5 $13) 18... O-O 19. Bb3 Rfd8 20. Rc2 Rd7
21. Rfc1 {[%csl Gc1,Gc2][%cal Gc1c8]} Rc7 22. g3 {Ds ist typisch für Leko. Mit
kleinen Zügen verbessert er seine Stellung, ohne dass sein Gegner zu
Gegenspiel kommt.} h6 23. Kg2 Rac8 24. a4 Qe6 (24... bxa4 25. c5 (25. Bxa4 c5
26. b5 axb5 27. cxb5 Ra7 28. Bb3 Rca8 $132) 25... Qd7 26. Bxa4 $14) 25. axb5
axb5 (25... cxb5 $4 26. cxb5 $18) 26. Qd3 bxc4 {Nach diesem Zug wird der
c-Bauer schwach, aber Schwarz hat keine andere Möglichkeit.} 27. Rxc4 Qd7 28.
Be3 (28. Bc3) (28. Be1) 28... Bxe3 $6 (28... c5 $5 29. Qc2 Bxe3 30. fxe3 $14)
29. Qxe3 Qe7 30. Ba4 Rb8 31. Qc3 Rcb7 32. Rb1 c5 33. Rxc5 $1 (33. b5 Nd7 {
[%cal Gd7b6,Gb6a4,Gb6c4]}) 33... Nxe4 34. Rc8+ Kh7 35. Bc2 {[%csl Rh7][%cal
Rc2h7]} f5 {[#]} 36. Qf3 $1 $16 {[%mdl 64]} (36. Bxe4 fxe4 37. Rc4 $16) 36...
Rxc8 (36... Nd6 37. Bxf5+ $16 (37. Rxb8 Rxb8 (37... e4 38. Bxe4 $1 fxe4 39. Qf8
$18) 38. Bxf5+ $16)) 37. Qxf5+ g6 38. Qxc8 Nf6 39. Qc3 {Weiß hat einen Bauern
mehr und gute Gewinnchancen. Der Pb4 ist stark und die schwarze Königsstellung
schwach.} Rb6 40. Qc5 $1 Qxc5 41. bxc5 Rxb1 42. Bxb1 {[%mdl 4096]} Kg7 43. Kf3
Kf7 44. c6 $18 Ne8 45. Ke3 Nf6 (45... g5 46. Ke4 Ke6 47. Ba2+ $18) 46. Be4 Ne8
47. Kd3 Nc7 48. Kc4 g5 49. Bf5 h5 50. Kc5 Ke7 51. f3 h4 52. Bd7 $22 {Schwarz
befindet sich in Zugzwang, deshalb gab er auf.} 1-0